000 00427nam a2200169Ia 4500
008 230711s9999||||xx |||||||||||||| ||und||
041 _aENG
082 _a621.4022
_bAR-H
100 _aDomkundwar,S
245 2 _aA course in heat and mass transfer
250 _a10th Ed.
260 _c2012
_aNew Delhi
_bDhanpat Rai & Co.(Pvt.)Ltd.
300 _a936
650 _aMechanical Engineering
700 _aArora,S.C
942 _cBK
999 _c5518
_d5518